000 01426cam a22003974a 4500
001 1777
003 FISKH
005 20230929083634.0
008 011217s2002 nyua 001 0 eng
010 _a 2001008319
020 _a0516225200
040 _aDLC
_cDLC
_dDLC
_beng
042 _apcc
_alcac
043 _an-us---
050 0 0 _aGV865.R6
_bM37 2002
082 0 0 _a796.357/092
_aB
_221
100 1 _aMara, Wil.
245 1 0 _aJackie Robinson /
_cby Wil Mara.
260 _aNew York :
_bScholastic,
_c2002.
300 _a31 pages :
_bcolor illustrations ;
_c19 cm.
490 1 _aRookie biographies
505 _aR
520 _aBrief text chronicles the life of the Hall of Fame baseball player who, in 1947, became the first African American to play for a major league team.
521 8 _a730
_bLexile
521 8 _aR
_bRaz-Plus
600 1 0 _aRobinson, Jackie,
_d1919-1972
_vJuvenile literature.
600 1 1 _aRobinson, Jackie,
_d1919-1972.
650 0 _aBaseball players
_zUnited States
_vBiography
_vJuvenile literature.
650 0 _aAfrican American baseball players
_vBiography
_vJuvenile literature.
650 1 _aBaseball players.
650 1 _aAfrican Americans
_vBiography.
830 0 _aRookie biography.
906 _a7
_bcbc
_corignew
_d1
_eecip
_f20
_gy-gencatlg
942 _2ddc
_cBK
_n0
999 _c1777
_d1777